Technology for teaching and learning with understanding : a primer.
Wedi'i Gadw mewn:
| Fformat: | Llyfr |
|---|---|
| Cyhoeddwyd: |
Houghton Mifflin
1999
|
| Tagiau: |
Ychwanegu Tag
Dim Tagiau, Byddwch y cyntaf i dagio'r cofnod hwn!
|
| Thư viện lưu trữ: | Mạng thư viện Đại học Đà Nẵng |
|---|
| LEADER | 00512nam a2200205 a 4500 | ||
|---|---|---|---|
| 001 | 000029837 | ||
| 003 | 4518 | ||
| 005 | 20171030145630.0 | ||
| 008 | 171030s1999 | ||
| 040 | |a LTT | ||
| 082 | 0 | |a 371.33 |b Te-T | |
| 245 | 0 | 0 | |a Technology for teaching and learning with understanding : a primer. |
| 260 | |b Houghton Mifflin |c 1999 | ||
| OWN | |a LTT | ||
| 999 | |a From the UDN01 | ||
| TYP | |a Monograph | ||
| TYP | |a Printed language | ||
| 980 | |a Mạng thư viện Đại học Đà Nẵng | ||